| 000 | 00454nam a22001457a 4500 | ||
|---|---|---|---|
| 008 | 180802b xxu||||| |||| 00| 0 eng d | ||
| 050 |
_aLB2806 _b.U55 2016 |
||
| 245 |
_aUniversities act: _bNo.42 of 2012 |
||
| 250 | _aRevised edition 2016. | ||
| 260 |
_aKenya: _bNational council for Law Reporing, _cc2016. |
||
| 300 |
_a[2000]p. _c30cm. |
||
| 440 | _aLaws of Kenya. | ||
| 650 |
_aUniversities and colleges _xLaw and legislation _zKenya. |
||
| 942 |
_2lcc _cBK |
||
| 999 |
_c53333 _d53333 |
||